000 00293nam a22001337a 4500
008 190306b xxu||||| |||| 00| 0 eng d
020 _a0881673269
041 _aeng
080 _a611
100 _a7
101 _aANA
245 _aThe Musculoskeletal system
_cCamble,G.J
942 _2udc
_cBK
999 _c54595
_d54595